[Event "Hoogovens"]
[Site "Wijk aan Zee"]
[Date "1996.01.26"]
[Round "11"]
[White "Adams, Michael"]
[Black "Huebner, Robert"]
[Result "1-0"]
[WhiteElo "2660"]
[BlackElo "2635"]
[Annotator "Blatny,P"]
[PlyCount "61"]
[EventDate "1996.01.13"]
[EventType "tourn"]
[EventRounds "13"]
[EventCountry "NED"]
[EventCategory "17"]
[SourceTitle "CBM 051"]
[Source "ChessBase"]
[SourceDate "1996.04.01"]
[SourceVersion "1"]
[SourceVersionDate "1996.04.01"]
[SourceQuality "1"]

1. e4 {Ftacnik} c5 2. c3 d5 3. exd5 Qxd5 4. d4 Nf6 5. Nf3 Bg4 6. Nbd2 Nc6 $6 (
6... Bxf3 7. Nxf3 e6 8. Bb5+ Nbd7 9. O-O cxd4 10. Qa4 $1 a6 11. Nxd4 Bc5 12.
Rd1 Bxd4 13. Bxd7+ Qxd7 14. Qxd4 $1 Rd8 (14... Qxd4 15. Rxd4 e5 16. Rd3 $14 {
_|_}) 15. Qxd7+ Nxd7 16. Be3 $14) (6... e6 7. Qa4+ Nbd7 8. Bc4 Qd6 9. O-O a6
10. Re1 Be7 11. dxc5 Qxc5 12. Bd3 O-O 13. Ne4 Qd5 14. Nxf6+ Nxf6 15. Ne5 Bh5
16. Bg5 b5 {1/2-1/2 Nehlert,P-Steinhart,C/VLSBaden 9293/1993/} 17. Qc2 $16) (
6... cxd4 $5 7. Bc4 Qh5 8. Qb3 Nbd7 9. cxd4 Rb8 10. O-O b5 11. Bd3 e6 $1 12.
Re1 Bd6 13. Ne5 O-O {1/2-1/2 Sveshnikov,E-Belikov,V/RUS-ch Elista (09) ;CBM 50
1995}) 7. Bc4 Bxf3 $5 (7... Qd7 8. h3 (8. Qb3 O-O-O $1 9. Bb5 (9. Ne5 $6 Nxe5
10. dxe5 Ne4 $36) 9... Be6 10. Qa4 a6 11. Bxc6 (11. Ne5 $2 axb5 12. Qa8+ Kc7
$19) (11. Nc4 $6 Bxc4 12. Bxc4 cxd4 $15) 11... Qxc6 12. Qxc6+ bxc6 13. dxc5 $14
) (8. dxc5 e5 9. Qe2 (9. O-O Bxc5 $13) 9... O-O-O 10. h3 Bxf3 11. Nxf3 Bxc5
$132) 8... Bxf3 9. Nxf3 cxd4 10. cxd4 $14) (7... Qh5 8. Qb3 Rb8 9. d5 (9. Bb5
$5) 9... Ne5 10. Qa4+ Nfd7 11. Be2 $14) 8. gxf3 $5 Qg5 $2 {Ftacnik: It is
easily possible to missplay the opening, but such a loose move is always
suspicious.} (8... Qh5 9. Qb3 Rb8 10. Bb5 $1 $36) (8... Qd6 $5 9. dxc5 (9. d5
Ne5 (9... Qe5+ 10. Qe2 Nxd5 $5 11. Qxe5 Nxe5 12. Bxd5 Nd3+ 13. Kd1 $1 (13. Ke2
$4 Nf4+ $19) (13. Kf1 O-O-O 14. Bxf7 Nxc1 $15) 13... O-O-O 14. Bxf7 Nxf2+ 15.
Ke2 Nxh1 16. Be6+ Kc7 17. Ne4 Kc6 18. Be3 b6 19. Rxh1 $18 {_|_}) 10. Ne4 Nxe4
11. fxe4 (11. Bb5+ $6 Kd8 12. fxe4 Qg6 $1 $40) 11... O-O-O 12. Bf1 $13) (9. Qb3
e6 10. dxc5 Qc7 11. Bb5 {1/2-1/2 Sveshnikov,E-Makarov,M/Novgorod 0p (06)/1995/}
) 9... Qxc5 10. Qe2 e6 11. Ne4 Qe5 12. Bb5 a6 13. Bxc6+ bxc6 14. Be3 Nxe4 15.
Bd4 Qb5 16. fxe4 Qxe2+ 17. Kxe2 c5 18. Be3 Rb8 19. b3 {/\Kd3-c4+/=/+/-}) (8...
Qd7 $142 9. dxc5 O-O-O (9... e6 {Ftacnik} 10. b4) 10. Qe2 e5 $44) 9. Ne4 Qf5 (
9... Qg2 10. Ng3 $1 Qh3 $8 11. Qb3 Nd8 $8 12. dxc5 Nd7 13. Be3 e5 14. Rd1 $1
Rc8 15. Bd3 $1 (15. Bf1 Qe6 16. Qxe6+ Nxe6 17. Nf5 $14) (15. Bb5 Rc7 (15... Nc6
16. Bf1 Qe6 17. Bc4 $18) 16. Qd5 $40) 15... g6 $8 16. Bf1 Qe6 (16... Qh4 17.
Rxd7 Kxd7 18. Qd5+ Ke8 19. Qxe5+ $18) 17. Bb5 Rc7 (17... Nc6 18. Bc4 $18) 18.
Ne4 $1 Bg7 19. Qa4 Nc6 20. Nd6+ Ke7 21. Nxb7 $1 $18) 10. Qe2 $1 (10. Nxc5 e5 (
10... b6 11. Qd3 $18) 11. Qb3 Qxf3 (11... b6) 12. Qxb7 (12. Bxf7+ Kd8 13. Qxb7
(13. Nxb7+ $2 Kc7 {/\Rb8-+}) 13... Qxh1+ 14. Kd2 Bxc5 15. Qxa8+ Ke7 16. Qxh8
Kxf7 17. dxc5 Qf3 $1 $40) 12... Qxh1+ 13. Kd2 Bxc5 $8 14. Qxa8+ Ke7 15. Qxh8
exd4 $40) (10. Nxc5 $5 $16 {Ftacnik}) 10... e6 (10... Nxe4 11. fxe4 Qh3 (11...
Qg6 12. d5 Qg2 13. Rf1 $14 Ne5 14. Bb5+ Kd8 (14... Nd7 15. Bxd7+ Kxd7 16. Bf4 {
/\0-0-0->}) 15. f4 Qxe2+ 16. Kxe2 $16) 12. d5 Ne5 13. Bb5+ Kd8 14. Bf4 Nf3+ 15.
Kd1 {/\Kc2,Rd1->}) (10... O-O-O {Ftacnik} 11. Nxc5 e5 $1 $132) 11. Ng3 Qh3 $8
12. d5 Nd8 13. Bb5+ {Ftacnik: By any usual count black's position is already
in ruins. +-} Nd7 (13... Ke7 14. Bg5 $18 (14. d6+ {Ftacnik} Kxd6 15. Bf4+ Ke7
16. O-O-O Nc6 17. Bxc6 bxc6 18. Qa6 $18)) 14. Bf4 a6 (14... Qh4 15. Qe5 $1 a6
16. Bxd7+ Kxd7 17. O-O-O Ke8 18. Nf5 $18) 15. Bxd7+ Kxd7 16. O-O-O Ke8 (16...
Kc8 17. Qe5 $18) (16... e5 {Ftacnik} 17. Qxe5 $18) 17. Rhe1 $18 {->ע[+]} Be7 (
17... b6 18. Qe5 f6 19. Qc7 $18) (17... Qh4 18. Qe3 {/\Ne4+-}) 18. d6 Bf6 (
18... Bh4 19. Qe5) 19. d7+ Kf8 20. Rd5 $1 (20. Bd6+ Kg8 21. Ne4 Qf5 22. Rg1)
20... g6 (20... Nc6 21. Bd6+ Kg8 22. Ne4 $18) (20... Qxh2 {Ftacnik} 21. Rh5 Qg2
22. Reh1 $18) 21. Bd6+ Kg8 (21... Kg7 22. Nh5+ gxh5 23. Rg1+ $18) 22. Nh5 {
Ftacnik: Adams clearly has a romantic streak, in addidtion it is the most
efficient way to win.} Bg7 $8 (22... gxh5 {Ftacnik} 23. Rg1+ Bg7 24. Rdg5 $18)
23. Rxc5 Nc6 (23... Bh6+ 24. f4 Nc6 25. Rxc6 bxc6 26. Qxa6 {-- game}) 24. Rxc6
$3 bxc6 25. Qxa6 $1 Bh6+ (25... Rxa6 {Ftacnik} 26. d8=Q+ Bf8 27. Qxf8#) 26. f4
Rd8 27. Qc8 Qh4 28. Bc7 Rf8 29. d8=Q Qxh5 (29... Rxd8 30. Bxd8 Qxh5 31. Bf6+
$18 (31. Bf6+ {Ftacnik} Bf8 32. Bxh8 $18)) 30. Qxf8+ (30. Bd6 $6 Rxd8 31. Qxd8+
Kg7 $18 {_|_}) (30. Rxe6 $18) 30... Bxf8 31. Bd6 $1 (31. Bd6 Qh6 (31... Kg7 32.
Be5+ f6 33. Qd7+ Kh6 34. Bxf6 $18) 32. Rxe6 $1 fxe6 33. Qxe6+ Kg7 34. Be5#) 1-0

[Event "Leon"]
[Site "Leon"]
[Date "1995.??.??"]
[Round "6"]
[White "Adams, Michael"]
[Black "Romero Holmes, Alfonso"]
[Result "1-0"]
[WhiteElo "2655"]
[BlackElo "2455"]
[Annotator "Blatny,P"]
[PlyCount "95"]
[EventDate "1995.05.??"]
[EventType "tourn"]
[EventRounds "9"]
[EventCountry "ESP"]
[EventCategory "14"]
[SourceTitle "CBM 048"]
[Source "ChessBase"]
[SourceDate "1995.10.01"]
[SourceVersion "1"]
[SourceVersionDate "1995.10.01"]
[SourceQuality "1"]

1. e4 c5 2. c3 d5 3. exd5 Qxd5 4. d4 Nf6 5. Nf3 Bg4 6. Be2 e6 7. Na3 (7. h3 Bh5
8. O-O Be7 9. c4 Qd6 10. Nc3 O-O 11. dxc5 Qxc5 12. Be3 Qc8 13. Nd4 Bxe2 14.
Qxe2 Nc6 $10 {Rozentalis,E-Gavrikov,V/URS-FL56 Klaipeda++ ;CBM 11 1988/1/2-1/2
(42)}) 7... a6 (7... Nc6 8. O-O (8. h3 Bh5 9. Be3 cxd4 10. Nb5 Rc8 11. Nbxd4 a6
12. O-O Be7 13. c4 Qd6 14. Nxc6 Qxd1 15. Bxd1 bxc6 16. Ne5 $14 {Hansen,
LB-Schandorff,L/Farum (03) ;TD 93\09 1993/1-0 (40)}) (8. Nb5 Qd8 9. dxc5 Bxc5
10. Bf4 Nd5 11. Bg3 O-O 12. O-O a6 13. Nbd4 Nxd4 14. Nxd4 Bxe2 15. Nxe2 $14 {
1-0 Baron-Pereda/ESP-chJ (06) ;TD 92\09 1992 (30)}) 8... cxd4 (8... Be7 9. Nc2
Qd8 10. Bg5 O-O 11. dxc5 Bxc5 12. Ne3 $14 {1-0 Lohou-Cladouras,P/Clichy op (08)
;TD 91\02 1991 (22)}) 9. Nb5 Rc8 10. Nbxd4 Nxd4 11. Nxd4 Bxe2 12. Qxe2 Be7 $10
{1/2-1/2 Acs,P-Munizaba,S/WchJM U12 Bratislava (11) ;TD 93\05 1993 (22)}) (7...
Qd8 8. Qb3 Qc8 9. Bb5+ Nc6 $13 {Vasiukov,E-Petursson,M/Moscow-A ;TD 87\01 1987/
0-1 (59)}) (7... cxd4 8. Nb5 Na6 9. Nbxd4 e5 10. Qa4+ Bd7 11. Nb5 Be7 $2 (11...
Bd6 $142) 12. Qxa6 O-O (12... bxa6 13. Nc7+ Kf8 14. Nxd5 Nxd5 15. Nxe5 $18) 13.
Nc7 $14 {1-0 Peptan,C-Ionescu Ilie,V/Timisoara ztW-A (02) ;TD 93\02 1993 (26)})
(7... Be7 8. Nc4 Qd8 9. Nce5 O-O 10. Nxg4 Nxg4 11. O-O Nc6 12. Qa4 cxd4 13.
Nxd4 Nxd4 14. Bxg4 Nc6 15. Be3 $14 {Vogt,L-Kratochwil,C/Baden Baden op (09) ;
TD 93\06 1993/1-0 (41)}) 8. Nc2 {/\Ne3[+]} cxd4 9. Ncxd4 e5 (9... Bc5 10. O-O
O-O 11. h3 Bh5 12. c4 Qd6 13. Nb3 Qxd1 14. Rxd1 $14 {Thiemonds,U-Kesseler,H/
NWL-II 8990 (1989) ;BIG 1990/1-0 (51)}) (9... Be7 10. h3 Bh5 11. O-O O-O 12.
Qb3 Qxb3 13. axb3 Nbd7 14. b4 Nd5 15. Re1 $14 {Lane,G-Bener/Cappelle op ;TD
89\04 1989/1-0 (81)}) 10. Nc2 Qxd1+ (10... Nc6 11. O-O Bc5 $10) 11. Bxd1 Nc6
12. Ne3 Bh5 13. Bb3 Bc5 (13... Bxf3 14. gxf3 $13 {/\Ke2}) 14. Nf5 O-O 15. O-O
Rfe8 16. h3 {/\g4} Bxf3 17. gxf3 e4 18. f4 (18. fxe4 Rxe4 $15) 18... Ne7 19.
Nxe7+ Rxe7 20. Be3 Bxe3 (20... Rc8 21. Rad1 Rec7 {/\Kf8-e7,קf4,h3}) 21. fxe3
Rd8 22. Rad1 Rd3 (22... Red7 23. Rxd7 Rxd7 24. Rd1 $14) 23. Kf2 Red7 24. Ke2
Kf8 25. Rxd3 Rxd3 (25... exd3+ 26. Kf3 (26. Kd2 Ne4+ $13) 26... d2 (26... Ke7
27. e4 d2 28. Ke3 a5 29. Rd1 b5 30. Bc2 Nh5 31. f5) 27. Rd1 Ke7 28. Bc4 Nh5 29.
e4 {/\Ke3,Bd3,קd2}) 26. Rd1 Rxd1 27. Kxd1 b6 28. Kd2 Ke7 29. Bc2 {/\c4,Kc3-d4,
קe4} b5 30. b4 {קa6,Pb5} Kd6 31. a3 h6 32. h4 Ke7 33. Bb3 Ne8 34. c4 g6 35.
c5 Ng7 (35... Nc7 36. Kc3 f5 37. Kd4 Kf6 (37... Ne8 38. Bd5 Kf6 39. Bb7 Nc7 40.
Bc8 Ke7 41. Ke5 h5 42. Bb7 $18) 38. c6 g5 39. hxg5+ hxg5 40. fxg5+ Kxg5 41. Kc5
Na8 42. Kd6 f4 43. c7 $18) 36. Bd5 $18 Nf5 37. Bxe4 Nxh4 38. Bb7 Kd7 39. Bxa6
Kc6 40. Bc8 g5 41. Bg4 Ng6 42. Bh5 gxf4 43. exf4 Nxf4 44. Bxf7 Kb7 45. Ke3 Ng2+
46. Kd4 Ka6 47. Ke5 Ne3 48. Kd6 1-0

[Event "Dortmund-C"]
[Site "Dortmund"]
[Date "1991.??.??"]
[Round "6"]
[White "Janovsky, Sergey"]
[Black "Rigo, Janos"]
[Result "1-0"]
[WhiteElo "2430"]
[BlackElo "2385"]
[Annotator "Blatny,P"]
[PlyCount "77"]
[EventDate "1991.03.23"]
[EventType "tourn"]
[EventRounds "9"]
[EventCountry "GER"]
[EventCategory "8"]
[SourceTitle "CBM 023"]
[Source "ChessBase"]
[SourceDate "1991.08.01"]
[SourceVersion "1"]
[SourceVersionDate "1991.08.01"]
[SourceQuality "1"]

1. e4 c5 2. c3 Nf6 3. e5 Nd5 4. d4 cxd4 5. Nf3 Qc7 6. cxd4 b6 7. Bd2 Ba6 8.
Bxa6 Nxa6 9. Qb3 Nab4 $5 10. O-O (10. Bxb4 $2 Nxb4 (10... Qc1+ 11. Qd1 $8 Qxd1+
12. Kxd1 Nxb4 {/\e6,Nd3 =/+}) 11. Qxb4 $4 (11. Na3 e6 {Xd5}) (11. Nc3 e6) 11...
Qc1+ $19) 10... Qc2 $2 (10... e6 11. Rc1 Qb7 $10) 11. Bxb4 Qxb3 12. axb3 Nxb4
13. Nc3 {<->a} a6 14. Rfc1 (14. Nb5 $5 Rc8 (14... Kd8 15. Ng5) 15. Rfc1 Kd8 (
15... Rc6 16. Na7 Rxc1+ 17. Rxc1 f6 18. Rc8+ $16) 16. Ng5 Rxc1+ 17. Rxc1 axb5
18. Nxf7+ Ke8 19. e6 $3 dxe6 20. Nxh8 $18 {_|_}) 14... f6 (14... Rc8 15. Nd5 $1
$18) 15. Nb5 $1 Kf7 16. Rc7 Rd8 17. Nc3 d6 18. exf6 gxf6 19. d5 {Xe6} Bg7 20.
Re1 Rhe8 21. Nd4 f5 $8 22. Ne6 (22. Nxf5 Bxc3 {/\Nd5}) 22... Rc8 23. Rxc8 Rxc8
24. Nxg7 Kxg7 25. Rxe7+ Kg8 26. g4 $1 (26. f3 $6 Nd3 27. Re2 $2 Nxb2 $1 $15)
26... fxg4 27. Re4 $1 a5 28. Rxg4+ Kf7 29. Kf1 Kf6 30. Re4 Kf5 31. Re7 h6 32.
Ke2 Rc5 33. Rf7+ Ke5 (33... Kg6 34. Rd7 Nxd5 35. Rxd6+ $18) (33... Kg4 34. f3+
Kh5 35. Kf2 Nd3+ $8 36. Kg3 Nxb2 37. Ne4 Rxd5 38. Rg7 $1 Rf5 39. Kh3 $3 Rxf3+
40. Ng3+ Rxg3+ 41. hxg3 {/\ 42.g4 #}) 34. f4+ Kd4 35. Re7 $1 $18 Rxc3 36. bxc3+
Kxc3 37. f5 Nxd5 38. Re6 Kd4 39. Kf3 1-0

[Event "Lazne Bohdanec"]
[Site "Lazne Bohdanec"]
[Date "1996.??.??"]
[Round "4"]
[White "Blatny, Pavel"]
[Black "Stocek, Jiri"]
[Result "1-0"]
[WhiteElo "2515"]
[BlackElo "2465"]
[Annotator "Blatny,P"]
[PlyCount "55"]
[EventDate "1996.01.??"]
[EventType "tourn"]
[EventRounds "11"]
[EventCountry "CZE"]
[EventCategory "10"]
[SourceTitle "CBM 051"]
[Source "ChessBase"]
[SourceDate "1996.04.01"]
[SourceVersion "1"]
[SourceVersionDate "1996.04.01"]
[SourceQuality "1"]

1. e4 {Bangiev} c5 2. c3 Nf6 3. e5 Nd5 4. d4 cxd4 5. Nf3 Nc6 6. Bc4 Nb6 7. Bb3
d5 8. exd6 Qxd6 9. Na3 $5 a6 (9... Be6 $6 10. Nb5 Qd7 11. Bxe6 Qxe6+ 12. Be3 $1
$36) 10. O-O $5 e6 {Bangiev: Ziel dieses Zuges ist, die Entwicklung des
Königsflügels nach dem Plan Be7, 0-0 rasch abzuschließen.} (10... dxc3 11. Ng5
e6 12. Qf3 $44) 11. cxd4 {Die beste Möglichkeit.} (11. Nxd4 {Bangiev: Dies
wird mit der Idee, das Feld f3 für die Dame freizumachen, gespielt. Aber,
"steht der Gegner gedrückt, soll man seine Lage nicht durch Abtausch
entlasten" so lautet ein Ausspruch Tarraschs.} Nxd4 12. cxd4 Be7 13. Qf3 Nd5
14. Nc4 Qd8 15. Qg3 O-O 16. Rd1 Bd7 17. Ne5 Rc8 {Zeit 0-1 Darnstaedt,F-Berndt,
S/2.BLN 9495 Magdeburg-Neukölln [4] 1995 (36)}) 11... Be7 12. Be3 {Weiß
bereitet das Manöver Nf3-e5 vor.} (12. Re1 Bd7 13. Re4 Nd5 {Michelakis,
G-Dvoirys,S/Groningen op(8) 1993/0-1 (63)}) 12... O-O 13. Ne5 $1 {Die
Ausgangsstellung der Variante. Der Springer e5 ist auf die Dauer
offensichtlich unerträglich, er darf aber wegen der d-Linie und der auf d6
entstehenden Schwäche nicht getauscht werden.} Bf6 $6 (13... Nb4 14. Qf3 (14.
Qh5 N6d5 15. Nac4 Qd8 16. a3 Nf6 $1 17. Qh3 Nbd5 $10 {Praznik,A-Zontakh,A/Bled
op (01)/1995/}) 14... N4d5 15. Rad1 Bd7 16. Bc2 Ba4 17. Nac4 Nxc4 18. Nxc4 Qc7
19. Bxa4 Qxc4 20. Bb3 Qb5 21. Rc1 $10 {Kristensen,J-Hellers,F/Copenhagen PC/
1991/}) (13... Bd8 14. Nac4 Nxc4 15. Nxc4 Qd7 16. Ne5 Nxe5 17. dxe5 $14 {
Darnstaedt,F-Aseev,K/Berliner Sommer (02)/1993/}) (13... Nd5 14. Nac4 Qc7 15.
Rc1 Bd7 16. Qf3 (16. Bd2 Qd8 17. Nxc6 Bxc6 18. Ba5 Qe8 19. Ne5 Rc8 20. Re1 b6
21. Nxc6 Rxc6 {1/2-1/2 Darnstaedt,F-Schirm,F/BL2-N 9394 (1994) ;BL2 1994}) (16.
Nxc6 $1 {Bangiev} Bxc6 17. Ne5 Rac8 18. Nxc6 bxc6 19. Bxd5 exd5 20. Qa4 {
[%csl Ra6,Rc6]} Qb7 21. Rc2 Qb5 22. Qxb5 cxb5 23. Rfc1 $16 {[%csl Ya6,Yc6,Yd5]}
) 16... Rac8 17. Rfd1 f6 (17... Nxe3 $5) 18. Nd3 Be8 19. Nf4 Bf7 20. Qg4 $36 {
Kisova,P-Savova,S/Brno ztW (09)/1989/}) (13... Nxe5 14. dxe5 Qxd1 15. Rfxd1 $14
) 14. Rc1 Bd7 $2 (14... Nb4 15. Re1 Rd8 16. Qf3 $14) (14... Na5 15. Bc2 Nc6 (
15... Bd7 $4 16. Nxd7 Nxd7 17. Qh5 $18) (15... g6 $5) 16. Nac4 $5 (16. Nxc6
bxc6 17. Be4 Bd7 18. Qc2 $14) 16... Nxc4 17. Nxc4 Qd8 18. d5 Qxd5 (18... exd5
19. Nb6 Rb8 20. Nxd5 Bxb2 21. Bb6 $1 Qh4 22. Rb1 Be5 (22... Bf6 23. Bc7 Ra8 24.
Bg3 (24. Nb6 Bg4 $1) 24... Qh6 25. Nb6 Rd8 26. Qe1 Ra7 27. Bc7 Rf8 28. Bd6 Rd8
(28... Bc3 $2 29. Qxc3 Qxd6 30. Nxc8 Rxc8 31. Qh3 $18) 29. Nxc8 Rxc8 30. Bc5
$14) 23. f4 Bd6 24. g3 Qh6 25. f5 $44) 19. Nb6 Qxd1 20. Rfxd1 Rb8 21. Bc5 Be7
22. Bxe7 Nxe7 23. Be4 Nc6 24. Bxc6 (24. f4 e5 25. fxe5 Bg4 $10) 24... bxc6 25.
Rxc6 $14 {_|_}) (14... Rd8 $142 15. Nxc6 bxc6 16. Qf3 Bb7 17. Nc4 Nxc4 18. Rxc4
$14) 15. Nac4 $1 Nxc4 16. Nxc4 Qc7 (16... Qe7 {Bangiev: Schwarz droht nun,
durch Nc6-b4 -d5 den kritischen Punkt d5 zu befestigen.} 17. Nb6 $1 {Einfach
und stark} (17. d5 $5) 17... Rad8 18. d5 exd5 19. Bc5 $18) 17. d5 {[#]
Typischer Durchbruch der Festung an ihrem empfindlichsten Punkt. Die taktische
Begründung besteht darin, daß nach Annahme des Bauernopfers die Aktivität der
weißen Figuren wesentlich erhöhen soll.} exd5 18. Nb6 Bxb2 (18... d4 19. Nxa8
Rxa8 20. Bxd4 Bxd4 21. Qxd4 $18) (18... Rad8 19. Nxd5 Qe5 20. Nxf6+ Qxf6 21.
Bb6 $18) 19. Rc2 Be5 (19... Bf6 20. Nxd5 Qc8 $8 21. Nb6 Bg4 22. Qc1 $18 {_|_})
20. f4 $1 Bf5 (20... Bd6 21. Nxa8 Rxa8 22. Bxd5) 21. Nxa8 Bxc2 (21... Rxa8 22.
fxe5 Bxc2 23. Qxc2 {--game}) 22. Qxc2 Rxa8 23. fxe5 Qxe5 24. Qf2 $18 {^^,><f7,
d5} (24. Qd2 Re8 25. Bc5 $18) 24... Qe6 25. Rd1 Rd8 26. Bb6 Re8 $6 (26... Rd6
$2 27. Bc7 Rd7 28. Re1 $18) (26... Rd7 $8 27. Qd2 Ne7 28. Bc5 $18 {_|_}) 27.
Bxd5 Qd7 28. Bb3 (28. Bb3 Qe7 29. Rf1 Ne5 30. Bd4 $18) 1-0

[Event "Valby K41"]
[Site "Valby"]
[Date "1991.??.??"]
[Round "6"]
[White "Greger, Roland"]
[Black "Smagin, Sergey"]
[Result "0-1"]
[WhiteElo "2370"]
[BlackElo "2535"]
[Annotator "Blatny,P"]
[PlyCount "80"]
[EventDate "1991.09.??"]
[EventType "tourn"]
[EventRounds "9"]
[EventCountry "DEN"]
[EventCategory "10"]
[SourceTitle "CBM 027"]
[Source "ChessBase"]
[SourceDate "1992.04.01"]
[SourceVersion "1"]
[SourceVersionDate "1992.04.01"]
[SourceQuality "1"]

1. e4 c5 2. c3 d5 3. exd5 Qxd5 4. d4 Nf6 5. Nf3 Nc6 6. Be3 (6. Be2 {,6.dxc5
--> ChessBase:Alapin}) 6... cxd4 7. cxd4 e6 8. Nc3 Qd6 9. Rc1 (9. Bd3 Be7 10.
Qe2 O-O 11. a3 a6 12. Rd1 b5 13. Bb1 $132) 9... Be7 10. Bd3 O-O 11. O-O Nb4 12.
Bb1 Bd7 13. Ne5 Bc6 14. Bf4 (14. a3 Nbd5 15. Nxc6 bxc6 16. b4 a5 {-><<}) 14...
Qd8 15. Re1 Rc8 16. Bg5 g6 17. Qe2 (17. Bh6 Re8 18. a3 Nbd5 19. Ne4 $13) 17...
Nbd5 (17... Qxd4 18. Red1 Qb6) 18. Bh6 Nxc3 19. bxc3 Re8 20. Bd3 (20. Nxf7 $2
Qd5 (20... Kxf7 $4 21. Qxe6#) 21. f3 Kxf7 $19) 20... Bf8 21. Bg5 Bg7 22. Rb1
Qd5 23. Nxc6 {><b7} Qxg5 $1 24. Ne5 (24. Nxa7 Rxc3 25. Rxb7 Nd5 {=/+/-/+})
24... Rc7 (24... Rxc3 25. Rxb7 {><f7}) 25. g3 $6 (25. Qf3 {><b7}) (25. c4 $5)
25... Nd5 {קc3} 26. Qf3 Nxc3 27. Rxb7 Bxe5 (27... Rxb7 28. Qxb7 Bxe5 29. Rxe5
$15) 28. dxe5 Rxb7 (28... Rec8 29. Bf1) 29. Qxb7 Qd2 30. Re3 Nd5 31. Rf3 Re7
32. Qb8+ Kg7 33. a3 (33. Bb1 Rc7 34. Rd3 Rc1+ 35. Kg2 Qe1 $19) 33... Rc7 34.
Kg2 Qe1 35. h4 Rc1 $19 36. Rxf7+ (36. Kh3 Qh1+ 37. Kg4 h5+ $19) 36... Kxf7 37.
Qxa7+ Ke8 38. Kh3 h5 39. g4 Qh1+ 40. Kg3 Rg1# 0-1

[Event "FRA-ch"]
[Site "Montpellier"]
[Date "1991.??.??"]
[Round "?"]
[White "Bricard, Emmanuel"]
[Black "Santo Roman, Marc"]
[Result "1-0"]
[WhiteElo "2390"]
[BlackElo "2485"]
[Annotator "Blatny,P"]
[PlyCount "81"]
[EventDate "1991.08.??"]
[EventType "tourn"]
[EventRounds "15"]
[EventCountry "FRA"]
[EventCategory "8"]
[SourceTitle "CBM 027"]
[Source "ChessBase"]
[SourceDate "1992.04.01"]
[SourceVersion "1"]
[SourceVersionDate "1992.04.01"]
[SourceQuality "1"]

1. e4 c5 2. c3 d5 3. exd5 Qxd5 4. d4 Nf6 5. Nf3 Nc6 6. Na3 e6 7. Nb5 Qd7 8. Ne5
Nxe5 9. dxe5 Nd5 (9... Qxd1+ 10. Kxd1 Nd5 11. c4 a6 12. cxd5 axb5 13. Bxb5+ $18
) 10. c4 Nb4 11. a3 (11. Qxd7+ Kxd7 12. Kd1 a6 13. Nc3 Kc7 14. a3 $10) 11...
Qxd1+ (11... Na6) 12. Kxd1 Na6 $8 13. Be2 {/^a8-h1} Bd7 {/\Bc6} 14. Bf3 Bc6 $8
15. Bxc6+ (15. Ke2 {/\ קa7} Bxf3+ 16. Kxf3 Kd7 17. Ke4 Nc7) 15... bxc6 16. Nc3
O-O-O+ 17. Kc2 $14 Rd4 18. b3 Be7 19. Be3 Rdd8 (19... Rg4 20. g3) 20. Rad1 Rxd1
21. Rxd1 {/\Ne4} f5 22. exf6 (22. Na4 g5 23. g3 h5 24. f3 g4 25. f4 h4 26. Rd2
hxg3 27. hxg3 Rh3 28. Rg2) 22... gxf6 (22... Bxf6 23. Ne4 Be7 $16) 23. Ne4 {
/\Nd6} Rg8 (23... Kc7 24. Bf4+ e5 25. Bd2 {/\Ba5}) 24. g3 (24. Nd6+ Bxd6 25.
Rxd6 Rxg2 26. Rxc6+ Nc7 27. Bxc5) 24... Kc7 (24... Rd8 25. Rxd8+ Kxd8 26. Kd3
Kd7 (26... f5 27. Ng5 Bxg5 28. Bxg5+)) 25. Bf4+ {><d6,d7} e5 26. Bd2 {/^a5-d8,
><d7,d6} Kd7 $6 27. Bg5+ Ke6 28. Bxf6 Rg4 (28... Bxf6 29. Rd6+ Ke7 30. Rxc6 $18
) 29. Bxe7 Kxe7 30. Kd3 $18 {[+]} Rg6 31. Ke3 Rh6 32. h4 Rg6 33. Kf3 Rg8 34. g4
Rf8+ 35. Kg3 Rf4 36. f3 Rf8 37. g5 Rb8 38. Rd3 Nc7 39. Nxc5 Ne6 40. Nxe6 Kxe6
41. c5 1-0